LEADER 00831nam0-2200313---450- 001 990008799920403321 005 20090205122359.0 010 $a88-212-0818-4 035 $a000879992 035 $aFED01000879992 035 $a(Aleph)000879992FED01 035 $a000879992 100 $a20090205d1980----km-y0itay50------ba 101 0 $aita 102 $aIT 105 $aa-------001yy 200 1 $aManuale di igiene$fA. Albano, L. Salvaggio 210 $aPadova$cPiccin$dc1980 215 $aIX, 871 p.$cill.$d25 cm 610 0 $aIgiene$aManuali 700 1$aAlbano,$bAmedeo$0355879 701 1$aSalvaggio,$bLeonardo$0101006 801 0$aIT$bUNINA$gRICA$2UNIMARC 901 $aBK 912 $a990008799920403321 952 $a90 S 1a 5$b992$fFMEBC 959 $aFMEBC 996 $aManuale di igiene$993848 997 $aUNINA LEADER 00951cam0-22003011i-450 001 990006056950403321 005 20230323152637.0 100 $a19980601d1989----km-y0itay50------ba 101 0 $aita 102 $aIT 105 $ay---n---001yy 200 1 $aCodice di procedura penale e leggi complementari$ecoordinato con le disposizioni sul processo minorile$fa cura di Francesco Verdoliva 210 $aNapoli$cSimone$d1989 215 $a832 p.$d19 cm 225 1 $aCodici per la professione forense$v501 300 $aAggiornato con le norme di attuazione e regolamentari al 25 ottobre 1989 676 $a345$v20$zita 702 1$aVerdoliva,$bFrancesco 710 01$aItalia$0423419 801 0$aIT$bUNINA$gRICA$2UNIMARC 901 $aBK 912 $a990006056950403321 952 $aXIII Z 88$b10102*$fFGBC 952 $a6-1$bs.i.$fDSPCP 959 $aFGBC 959 $aDSPCP 996 $aCodice di procedura penale$9200118 997 $aUNINA